Normal view
MARC view
- Wu, Bin , Bin Wu
Entry Personal Name
001 - CONTROL NUMBER
- control field: 65533
003 - CONTROL NUMBER IDENTIFIER
- control field: NUST
005 - DATE AND TIME OF LATEST TRANSACTION
- control field: 20210628203441.0
008 - FIXED-LENGTH DATA ELEMENTS
- fixed length control field: 210628|| aca||aabn | a|a d
040 ## - CATALOGING SOURCE
- Original cataloging agency: NUST
- Transcribing agency: NUST
100 ## - HEADING--PERSONAL NAME
- Personal name: Wu, Bin , Bin Wu
670 ## - SOURCE DATA FOUND
- Source citation: Work cat.: (NUST): Wu, Bin , Bin Wu, High power converters and ac drives, 2006
